Catálogo público

Influencia del cuerpo lúteo en la producción in vitro de embriones ovinos / (Record no. 220893)

MARC details
000 -CABECERA
campo de control de longitud fija 03754nam a2200325 a 4500
003 - IDENTIFICADOR DEL NÚMERO DE CONTROL
campo de control OSt
005 - FECHA Y HORA DE LA ÚLTIMA TRANSACCIÓN
campo de control 20251002144854.0
007 - CAMPO FIJO DE DESCRIPCIÓN FÍSICA--INFORMACIÓN GENERAL
campo de control de longitud fija cr ||||||a|a|a
008 - DATOS DE LONGITUD FIJA--INFORMACIÓN GENERAL
campo de control de longitud fija 250908s2025 mx a|||fom||| 001 0 spa d
040 ## - FUENTE DE LA CATALOGACIÓN
Normas de descripción rda
100 1# - ENTRADA PRINCIPAL--NOMBRE DE PERSONA
Nombre de persona Bautista Pérez, Yuri Viridiana
9 (RLIN) 191023
245 10 - MENCIÓN DE TÍTULO
Título Influencia del cuerpo lúteo en la producción in vitro de embriones ovinos /
Mención de responsabilidad, etc. por Yuri Viridiana Bautista Pérez; director de tesis Alfredo Lorenzo Torres; secretario Raymundo Rangel Santos; vocal Ricardo Emmanuel Martínez Rocha, suplente José Manuel Hernández Hernández; suplente Juan González Maldonado.
264 #1 - PRODUCCIÓN, PUBLICACIÓN, DISTRIBUCIÓN, FABRICACIÓN Y COPYRIGHT
Producción, publicación, distribución, fabricación y copyright Chapingo, México :
Nombre del de productor, editor, distribuidor, fabricante El autor,
Fecha de producción, publicación, distribución, fabricación o copyright 2025.
300 ## - DESCRIPCIÓN FÍSICA
Extensión 1 recurso en línea (43 páginas):
Otras características físicas cuadros, figuras.
336 ## - TIPO DE CONTENIDO
Fuente rdacontent
Término de tipo de contenido texto
Código de tipo de contenido txt
337 ## - TIPO DE MEDIO
Fuente rdamedia
Nombre/término del tipo de medio computadora
Código del tipo de medio c
338 ## - TIPO DE SOPORTE
Fuente rdacarrier
Nombre/término del tipo de soporte recurso en línea
Código del tipo de soporte cr
502 ## - NOTA DE TESIS
Tipo de título Ingeniero Agrónomo Especialista en Zootecnia
Nombre de la institución que otorga el título Departamento de Enseñanza, Investigación y Servicio en Zootecnia,
Año de obtención del título 2025.
Información miscelánea Licenciatura
504 ## - NOTA DE BIBLIOGRAFÍA, ETC.
Nota de bibliografía, etc. Incluye referencias bibliográficas: páginas 27-33.
520 ## - SUMARIO, ETC.
Sumario, etc. El cuerpo lúteo (CL) es una glándula transitoria que puede influir directamente en la dinámica folicular y calidad de ovocitos. El objetivo del presente estudio fue evaluar la influencia de la ausencia o presencia de un CL Chico, Mediano o Grande en ovarios de ovejas sacrificadas en rastro, sobre la producción de embriones in vitro. Los ovarios se clasificaron en cuatro grupos experimentales, Sin CL, presencia de un CL Chico (≤3 mm), CL Mediano (4-8 mm) o CL Grande (>8 mm) utilizando un vernier para determinar el diámetro. Los ovocitos se colectaron y maduraron en medio TCM 199, más hormonas y suero fetal bovino. La fecundación se realizó con semen fresco de un semental Katahdin de fertilidad conocida. El desarrollo embrionario se realizó en medios comerciales utilizando medios secuenciales durante 72 y 96 h, hasta la etapa de blastocisto. El análisis estadístico de los datos de las variables número de folículos presentes en ovarios y número de ovocitos colectados, se realizó con GLIMMIX de SAS (versión 9.1.3), considerando una distribución Poisson. El número de mórulas, blastocistos y la capacidad de eclosión se analizaron con el mismo procedimiento, pero considerando una distribución binomial; y en el caso del diámetro de blastocistos se utilizó el procedimiento GLM, asumiendo una distribución normal. Para la prueba entre medias se utilizó ESTIMATE con p<0.05. El número de folículos y el número de ovocitos estuvieron influenciados por la presencia del CL, siendo mayor (p<0.05) en el grupo de CL Grande (5.51 ± 0.33 y 3.62 ± 0.27) comparados con el grupo Sin CL (4.54 ± 0.19 y 2.62 ± 0.14; respectivamente), sin diferencias entre el tamaño de CL. Asimismo, en el grupo de ovarios con CL Grande se obtuvo 9% más (p<0.05) de mórulas y 13% más de blastocistos, comparado con el grupo Sin CL. Mientras que en la capacidad de eclosión y diámetro de blastocistos no se evidenció diferencia estadística (p>0.05). En conclusión, la presencia de un cuerpo lúteo grande en los ovarios de ovejas sacrificadas en rastro mejoró la eficiencia en la producción de embriones in vitro, bajo las condiciones en las que se desarrolló el presente estudio.
650 #4 - PUNTO DE ACCESO ADICIONAL DE MATERIA--TÉRMINO DE MATERIA
Término de materia o nombre geográfico como elemento de entrada Ovarios
Subdivisión general Fisiología
9 (RLIN) 191331
650 #4 - PUNTO DE ACCESO ADICIONAL DE MATERIA--TÉRMINO DE MATERIA
Término de materia o nombre geográfico como elemento de entrada Ganado lanar
Subdivisión general Fertilidad
9 (RLIN) 139266
700 1# - PUNTO DE ACCESO ADICIONAL--NOMBRE DE PERSONA
Nombre de persona Lorenzo Torres, Alfredo
9 (RLIN) 132857
Término indicativo de función/relación director.
700 1# - PUNTO DE ACCESO ADICIONAL--NOMBRE DE PERSONA
Nombre de persona Rangel Santos, Raymundo
9 (RLIN) 94625
Término indicativo de función/relación secretario.
700 1# - PUNTO DE ACCESO ADICIONAL--NOMBRE DE PERSONA
Nombre de persona Martínez Rocha, Ricardo Emmanuel
9 (RLIN) 130393
Término indicativo de función/relación vocal.
700 1# - PUNTO DE ACCESO ADICIONAL--NOMBRE DE PERSONA
Nombre de persona Hernández Hernández, José Manuel
9 (RLIN) 54143
Término indicativo de función/relación suplente.
700 1# - PUNTO DE ACCESO ADICIONAL--NOMBRE DE PERSONA
Nombre de persona Gonzalez Maldonado, Juan
9 (RLIN) 48642
Término indicativo de función/relación suplente.
856 ## - LOCALIZACIÓN Y ACCESO ELECTRÓNICOS
Nota pública DESCARGAR PDF
Identificador Uniforme del Recurso http://10.13.5.2/tesis/tl/1810235-2_BAUTISTA_PEREZ_YURIVIRIDIANA.pdf
942 ## - ELEMENTOS DE PUNTO DE ACCESO ADICIONAL (KOHA)
Fuente del sistema de clasificación o colocación Clasificación Universidad Autónoma Chapingo
Tipo de ítem Koha Tesis digital
Holdings
Estado de retiro Estado de pérdida Fuente del sistema de clasificación o colocación Estado dañado No para préstamo Código de colección Localización permanente Ubicación/localización actual Ubicación en estantería Fecha de adquisición Total de préstamos Signatura topográfica completa Fecha visto por última vez Precio válido a partir de Tipo de ítem Koha
    Clasificación Universidad Autónoma de Chapingo     Tesis digitales de Licenciatura Biblioteca Digital Biblioteca Digital En línea 08/09/2025   Tesis digital 08/09/2025 08/09/2025 Tesis digital